Ψυχανάλυση και ελληνική κουλτούρα

Αποθηκεύτηκε σε:
Λεπτομέρειες βιβλιογραφικής εγγραφής
Κύριος συγγραφέας: Anzieu, Didier
Άλλοι συγγραφείς: Φραγκόπουλος, Μίλτος, 1951- (Μεταφραστής)
Μορφή: Βιβλίο
Γλώσσα:Greek
French
Δημοσίευση: Αθήνα : Ράππα, 1985.
Σειρά:Προβλήματα του καιρού μας (Ράππας)
Θέματα:
Ετικέτες: Προσθήκη ετικέτας
Δεν υπάρχουν, Καταχωρήστε ετικέτα πρώτοι!

MARC

LEADER 00000cam a2200000 i 4500
001 1/89106
008 950516s1983 gr | ||| |||| ||gre||
035 |a 1990  |b 3  |c Ναζίρη  |l 10035666 
040 |a GR-MyUA  |b gre  |e AACR2 
041 1 |a gre  |h fre 
082 0 |a 150.1952 
100 1 |a Anzieu, Didier. 
245 1 0 |a Ψυχανάλυση και ελληνική κουλτούρα /   |c D. Anzieu .. [κ.ά.] ; μετάφραση Μίλτος Φραγκόπουλος.  
260 |a Αθήνα :   |b Ράππα,   |c 1985.  
300 |a 291 σ.  
490 1 |a (Προβλήματα του καιρού μας)  
500 |a Τίτλος πρωτοτύπου: Psychanalyse et culture grecque.  
650 0 0 |a Psychoanalysis  |x Greek influences. 
650 0 0 |a Psychoanalysis and culture. 
650 0 0 |a Psychoanalysis. 
700 1 |a Φραγκόπουλος, Μίλτος,   |d 1951-  |e trl 
830 0 |a Προβλήματα του καιρού μας (Ράππας) 
852 |a INST  |b LESVOS  |e 19950516  |h 150.1952 ΨΥΧ  |p 005100003868  |q 005100003868  |t BK  |y 0 
852 |a INST  |b RHODES  |e 19960923  |h 150.1952 ΨΥΧ  |p 005400007932  |q 005400007932  |t BK  |y 0 
909 |a Ρ  |b 018018 
909 |a Λ  |b 011390